00467 2200205 4500001002100000008004100021035002000062245002900082100001800111250000600129260003200135300001100167084001400178082000800192650001300200990001200213990001200225990001200237990001200249INLIS000000000000668 ind  a0010-0424000644 aHewan LiarcStare Pocker aPocker, Stare a1 aBandung :bPakar Rayac2007 a40 hlm a600 STA h a600 aNonfiksi a0721726 a0721727 a0721728 a0721729